MLB All Star Game MVPs Since 2000 - Statistics

General Stats
  • This quiz has been taken 18 times
    3 since last reset
  • The average score is 8 of 24
Answer Stats
Year Team Player % Correct
2025 Phillies Kyle Schwarber
100%
2021 Blue Jays Vladimir Guerrero Jr.
100%
2018 Astros Alex Bregman
50%
2000 Yankees Derek Jeter
50%
2023 Rockies Elias Diaz
50%
2016 Royals Eric Hosmer
50%
2022 Yankees Giancarlo Stanton
50%
2024 Red Sox Jarren Duran
50%
2013 Yankees Mariano Rivera
50%
2015 Angels Mike Trout
50%
2014 Angels Mike Trout
50%
2011 Brewers Prince Fielder
50%
2017 Mariners Robinson Cano
50%
2019 Guardians/Indians Shane Bieber
50%
2004 Rangers Alfonso Soriano
0%
2010 Braves Brian McCann
0%
2001 Orioles Cal Ripken Jr.
0%
2009 Rays Carl Crawford
0%
2003 Angels Garret Anderson
0%
2007 Mariners Ichiro Suzuki
0%
2008 Red Sox J.D. Drew
0%
2012 Giants Melky Cabrera
0%
2006 Rangers Michael Young
0%
2005 Orioles Miguel Tejada
0%
No matching quizzes found
Score Distribution
Percent of People with Each Score
Percentile by Number Answered
Your Score History
You have not taken this quiz since the last reset